| 000 | 00399nam a2200157Ia 4500 | ||
|---|---|---|---|
| 008 | 210716s1989 xx 000 0 und d | ||
| 020 | _a876923872 | ||
| 041 | _aeng | ||
| 082 | _a004 RAJV | ||
| 100 | _aRajaraman, V. | ||
| 245 | _aFundamentals of computers. | ||
| 250 | _a1 | ||
| 260 |
_aNew Delhi _bPrentice Hall of India PVt Ltd. _c1989 |
||
| 300 | _axii,288 | ||
| 650 | _aComputer Fundamentals | ||
| 999 |
_c181408 _d181408 |
||